Inteligentná miestnosť - návrh riadenia

Enregistré dans:
Détails bibliographiques
Auteur principal: Bako, Juraj (Auteur)
Autres auteurs: Rozinaj, Gregor (Directeur de thèse)
Format: Manuscrit Livre
Langue:slovaque
Publié: 2016
Sujets:
Accès en ligne:http://is.stuba.sk/zp/portal_zp.pl?podrobnosti=107088
Tags: Ajouter un tag
Pas de tags, Soyez le premier à ajouter un tag!

MARC

LEADER 00000ntm a22000003a 4500
001 stuzp57297
003 SK-STU
005 20160906100221.2
007 ta
008 150427s2015----xo-----f-mn---000-0-slo-d
040 |a STU  |b slo 
041 0 |a slo 
044 |a xo 
100 1 |a Bako, Juraj  |u 035000  |4 aut  |U FEI Fakulta elektrotechniky a informatiky  |T FEI Ústav informatiky a matematiky  |X 72771  |U E050  |Y 816  |7 72771 
242 0 1 |a Smart Room – control proposal  |y eng 
245 1 0 |a Inteligentná miestnosť - návrh riadenia 
260 |c 2016 
300 |a 24 s., príl.,  |b CD-ROM 
650 4 |a wifi  |2 eng 
650 4 |a android  |2 eng 
650 4 |a control  |2 eng 
650 4 |a smart room  |2 eng 
650 4 |a ovládanie  |2 slo 
650 4 |a wifi  |2 slo 
650 4 |a android  |2 slo 
650 4 |a inteligentná miestnosť  |2 slo 
700 1 |a Rozinaj, Gregor  |u 037000  |k Z1  |4 ths  |U FEI Fakulta elektrotechniky a informatiky  |T FEI Ústav telekomunikácií  |X 1945  |U E070  |Y 818  |7 A000001945 
856 4 |u http://is.stuba.sk/zp/portal_zp.pl?podrobnosti=107088 
996 |b 284ER02263  |c E*Bc- 2263  |l EE35  |s P  |a 0  |w stuzp57297_0001 
SQL |a stuzp57297  |b DBP  |c SLO  |d Inteligentná miestnosť - návrh riadenia  |e 72771  |f Bako, Juraj  |g 035000  |h 1945  |i Rozinaj, Gregor  |j 20160707  |k 73  |l 03  |m http://is.stuba.sk/zp/portal_zp.pl?podrobnosti=107088  |n B-API  |o 9.2.9. aplikovaná informatika